Informe programa Conoce tu Regional Investigando, primera cohorte año 2022 (Record no. 14662)
[ view plain ]
| 000 -LEADER | |
|---|---|
| campo de control de longitud fija | 01478nam a22002057a 4500 |
| 005 - FECHA Y HORA DE LA ÚLTIMA TRANSACCIÓN | |
| campo de control | 20260618110257.0 |
| 008 - DATOS DE LONGITUD FIJA--INFORMACIÓN GENERAL | |
| campo de control de longitud fija | 260618b |||||||| |||| 00| 0 spa d |
| 020 ## - NÚMERO INTERNACIONAL ESTÁNDAR DEL LIBRO | |
| Número Internacional Estándar del Libro | 3117-2830 |
| 040 ## - FUENTE DE CATALOGACIÓN | |
| Centro catalogador/agencia de origen | Instituto Dominicano de Evaluación e Investigación de la Calidad Educativa , IDEICE |
| Centro/agencia transcriptor | IDEICE |
| Normas de descripción | RDA |
| 082 ## - NÚMERO DE LA CLASIFICACIÓN DECIMAL DEWEY | |
| Número de clasificación | Ideice 370.72 I59i 2022 |
| 110 ## - ENTRADA PRINCIPAL--NOMBRE DE ENTIDAD CORPORATIVA | |
| Nombre de entidad corporativa o nombre de jurisdicción como elemento de entrada | Instituto Dominicano de Evaluación e Investigación de la Calidad Educativa , IDEICE |
| 245 ## - MENCIÓN DEL TÍTULO | |
| Título | Informe programa Conoce tu Regional Investigando, primera cohorte año 2022 |
| 260 ## - PUBLICACIÓN, DISTRIBUCIÓN, ETC. | |
| Lugar de publicación, distribución, etc. | Santo Domingo, República Dominicana |
| Fecha de publicación, distribución, etc. | 2026 |
| 300 ## - DESCRIPCIÓN FÍSICA | |
| Dimensiones | 268p. |
| 505 ## - NOTA DE CONTENIDO CON FORMATO | |
| Nota de contenido con formato | El Informe de la Primera Cohorte 2022 del programa “Conoce tu Regional Investigando” evidencia el compromiso con el fortalecimiento de la cultura de investigación y evaluación en el sistema educativo dominicano. Esta iniciativa tuvo como propósito promover la reflexión crítica sobre la práctica educativa, incentivar la generación de conocimiento desde los contextos regionales y aportar evidencias para la toma de decisiones orientadas a la mejora de la calidad educativa.<br/> |
| 650 ## - PUNTO DE ACCESO ADICIONAL DE MATERIA--TÉRMINO DE MATERIA | |
| Término de materia o nombre geográfico como elemento de entrada | Investigación Educativa--República Dominicana; Habilidades parentales, Orientación educativa; Relaciones familiares; Acompañamiento socioemocional del estudiante. |
| 710 ## - ENTRADA AGREGADA--NOMBRE DE ENTIDAD CORPORATIVA | |
| Nombre de entidad corporativa o nombre de jurisdicción como elemento de entrada | IDEICE |
| 856 ## - LOCALIZACIÓN Y ACCESO ELECTRÓNICOS | |
| Identificador Uniforme de Recurso | <a href="https://ideice.gob.do/documentacion/publicaciones-id-238-informe-programa-conoce-tu-regional-investigando-primera-cohorte-ano-2022">https://ideice.gob.do/documentacion/publicaciones-id-238-informe-programa-conoce-tu-regional-investigando-primera-cohorte-ano-2022</a> |
| 942 ## - ELEMENTOS DE ENTRADA SECUNDARIOS (KOHA) | |
| Fuente de la clasificación o esquema de estantería | Clasificación Decimal Dewey |
| Tipo de ítem Koha | Libros |
| Suprimir en OPAC | No |
| Estatus retirado | Estado de pérdida | Fuente de la clasificación o esquema de estantería | Estado de daño | No para préstamo | Biblioteca de origen | Biblioteca actual | Fecha de adquisición | Total de préstamos | Visto por última vez | Identificador uniforme de recursos | Precio de reemplazo | Tipo de ítem Koha |
|---|---|---|---|---|---|---|---|---|---|---|---|---|
| Clasificación Decimal Dewey | Repositorio IDEICE | Repositorio IDEICE | 18/06/2026 | 18/06/2026 | https://ideice.gob.do/documentacion/publicaciones-id-238-informe-programa-conoce-tu-regional-investigando-primera-cohorte-ano-2022 | 18/06/2026 | Libros |